De Herrera a Velázquez (Record no. 562)

MARC details
000 -CABECERA
campo de control de longitud fija 01216nam a2200265 a 4500
001 - NÚMERO DE CONTROL
campo de control BRCA_646
005 - FECHA Y HORA DE LA ÚLTIMA TRANSACCIÓN
campo de control 20190320203108.0
008 - DATOS DE LONGITUD FIJA--INFORMACIÓN GENERAL
campo de control de longitud fija 060914s2005 sp-a---##b---#001-0dspa-d
020 ## - NÚMERO INTERNACIONAL ESTÁNDAR DEL LIBRO
Número Internacional Estándar del Libro 8489895147
040 ## - FUENTE DE LA CATALOGACIÓN
Centro catalogador/agencia de origen GZN
Centro/agencia transcriptor GZN
Centro/agencia modificador PL#
050 #4 - SIGNATURA TOPOGRÁFICA DE LA BIBLIOTECA DEL CONGRESO
Número de clasificación ND811.S5
Número de documento/Ítem .D45 2005
245 10 - MENCIÓN DE TÍTULO
Título De Herrera a Velázquez
Resto del título el primer naturalismo en Sevilla
Mención de responsabilidad, etc. preparación, edición y dirección científica Alfonso E. Pérez Sánchez, Benito Navarrete Prieto.
260 ## - PUBLICACIÓN, DISTRIBUCIÓN, ETC.
Lugar de publicación, distribución, etc. Sevilla
Nombre del editor, distribuidor, etc. Fundación Focus Abengoa
Fecha de publicación, distribución, etc. 2005
300 ## - DESCRIPCIÓN FÍSICA
Extensión 317 p.
Otras características físicas il. (algunas a color)
Dimensiones 30 cm.
500 ## - NOTA GENERAL
Nota general Catálogo de la exposición realizada en el Hospital de los Venerables (Sevilla), 29 noviembre, 2005 - 28 febrero, 2006 y en el Museo de Bellas Artes (Bilbao), 20 marzo - 28 mayo, 2006
500 ## - NOTA GENERAL
Nota general Incluye índice onomástico
500 ## - NOTA GENERAL
Nota general 2do. ejemplar en el Área de Investigación
504 ## - NOTA DE BIBLIOGRAFÍA, ETC.
Nota de bibliografía, etc. Bibliografía : p. 296-311
650 14 - PUNTO DE ACCESO ADICIONAL DE MATERIA--TÉRMINO DE MATERIA
Término de materia o nombre geográfico como elemento de entrada Pinturas españolas
Subdivisión de forma Exposiciones
Subdivisión cronológica Siglo XVII
9 (RLIN) 2163
650 14 - PUNTO DE ACCESO ADICIONAL DE MATERIA--TÉRMINO DE MATERIA
Término de materia o nombre geográfico como elemento de entrada Pinturas españolas
Subdivisión de forma Exposiciones
Subdivisión general Influencias italianas
9 (RLIN) 2164
650 14 - PUNTO DE ACCESO ADICIONAL DE MATERIA--TÉRMINO DE MATERIA
Término de materia o nombre geográfico como elemento de entrada Naturalismo en el arte
Subdivisión de forma Exposiciones
Subdivisión geográfica España
9 (RLIN) 2165
700 1# - PUNTO DE ACCESO ADICIONAL--NOMBRE DE PERSONA
Nombre de persona Pérez Sánchez, Alfonso E.
9 (RLIN) 2166
700 1# - PUNTO DE ACCESO ADICIONAL--NOMBRE DE PERSONA
Nombre de persona Navarrete Prieto, Benito
9 (RLIN) 2167
942 ## - ELEMENTOS DE PUNTO DE ACCESO ADICIONAL (KOHA)
Fuente del sistema de clasificación o colocación Library of Congress Classification
Tipo de ítem Koha Libros
Holdings
Estado de retiro Estado de pérdida Estado dañado No para préstamo Localización permanente Ubicación/localización actual Fecha de adquisición Total de préstamos Signatura topográfica completa Código de barras Fecha visto por última vez Precio válido a partir de Tipo de ítem Koha Código de colección
El ejemplar forma parte de la colección y puede ser consultado según las políticas vigentes.       Biblioteca del Museo Franz Mayer (Rogerio Casas-Alatriste) Biblioteca del Museo Franz Mayer (Rogerio Casas-Alatriste) 25/06/2008   ND811.S5 .D45 2005 00975 22/03/2019 22/03/2019 Libros  
El ejemplar forma parte de la colección y puede ser consultado según las políticas vigentes.       Biblioteca del Museo Franz Mayer (Rogerio Casas-Alatriste) Biblioteca del Museo Franz Mayer (Rogerio Casas-Alatriste) 02/02/2012   ND811.S5 .D45 2005 02577 22/03/2019 22/03/2019 Libros Acervo General